000 01172nam a2200325 i 4500
003 EG-GICUC
005 20260412114152.0
008 260412s2002 ua ||||fr|||| 00| 0 ara d
017 _a2002/16375
020 _a9775677084
040 _a EG-GICUC
_bara
_c EG-GICUC
_d EG-GICUC
_erda
041 _aara
082 0 4 _221
_a341.48
_bش ا . ن
092 0 4 _221
099 _aLaw1 11 341.48 ش ا . ن 2002
100 1 _aشارلوت ليندسى
_eمؤلف.
245 _aنساء يواجهن الحرب :
_bدراسة للجنة الدولية للصليب الاحمر حول أثر النزاعات المسلحة على النساء /
_cشارلوت ليندسى .
264 _aالقاهرة :
_bالصليب الاحمر ،
_c2002 .
300 _a319 ؛ صفحة
_c24 سم
336 _2rda content
_atext
337 _2rda media
_aComputer
338 _2rda carrier
_aOnline Resource
546 _aالنص باللغة العربية
650 1 _aالقانون الدولى
650 1 _aحقوق الانسان
651 1 _2qrmak
856 4 0 _uhttps://fll.law.cu.edu.eg/fulltext/bks/B11-07659.pdf
905 _a60
942 _2ddc
_cBK
_e21
_n0
999 _c70191
_d70191